| 000 | 00917nas a2200313 4500 | ||
|---|---|---|---|
| 001 | BR0301317 | ||
| 003 | BR-BrBNA | ||
| 005 | 20231205103639.0 | ||
| 007 | ta | ||
| 008 | 230509b bl.|||p| |||| 00| 00por d | ||
| 040 |
_aBR-BrBNA _bpor _cBiblioteca Nacional de Agricultura |
||
| 041 | _a(Pt) | ||
| 072 | _aJ11 | ||
| 100 | 1 | _aPasin, L.A.A.P. | |
| 100 | 1 | _aAbreu, M.S. de | |
| 100 | 1 | _aChalfoun, S.M. | |
| 100 | 1 | _aPádua, T.R.P. de | |
| 245 | 1 | _aEfeito de micronutrientes na população fúngica associada a grãos de café (Coffea arabica L.) | |
| 650 | _aCAFÉ | ||
| 650 | _aGRÃO | ||
| 650 | _aFUNGO | ||
| 650 | _aOCRATOXINA | ||
| 650 | _aMICROELEMENTO | ||
| 650 | _aBENEFICIAMENTO | ||
| 650 | _aMINAS GERAIS | ||
| 773 | 0 |
_tCiência e Agrotecnologia (Brazil) _xISSN 1413-7054 _g(Sep-Oct 2002), v. 25(5) p. 918-926 _wBR0301317 |
|
| 909 |
_a202311 _bLúcia _c55 _dLúcia Elande |
||
| 942 |
_2AGRIS _n0 _cANA |
||
| 999 |
_c173994 _d173994 |
||